American Metros Over 1,000,000 Quiz Stats

 Plays Quiz Updated Apr 1, 2016

Score 0/130 Timer 12:00
3 Plays Today
Rank City % Correct
2New York, USA
98.6%
4Los Angeles, USA
96.5%
8Chicago, USA
94%
11San Francisco, USA
92.7%
16Dallas, USA
91%
17Houston, USA
91%
18Miami, USA
90.7%
1Mexico City, Mexico
90.6%
12Boston, USA
89%
10Washington, USA
88.3%
27Seattle, USA
88.2%
13Philadelphia, USA
86.1%
38San Diego, USA
85.3%
20Atlanta, USA
83.3%
24Phoenix, USA
82.2%
19Detroit, USA
82.2%
55Portland, USA
79.6%
36Denver, USA
79.4%
6Rio de Janeiro, Brazil
78.6%
126New Orleans, USA
76.5%
5Buenos Aires, Argentina
76.4%
42Minneapolis, USA
76.2%
14Toronto, Canada
75.8%
65San Antonio, USA
75.6%
39Cleveland, USA
75%
52St. Louis, USA
74.5%
62Las Vegas, USA
73.9%
79Austin, USA
73.8%
64Pittsburgh, USA
72.9%
7Lima, Peru
72.8%
69Kansas City, USA
72.7%
97Jacksonville, USA
72.5%
50Vancouver, Canada
72.5%
3São Paulo, Brazil
72.3%
74San José, Costa Rica
71.7%
15Santiago, Chile
71.4%
70Indianapolis, USA
71.2%
93Nashville, USA
71.2%
40Orlando, USA
70.8%
25Montreal, Canada
70.8%
9Bogotá, Colombia
70%
28Tampa, USA
69.1%
82Columbus, USA
68.8%
107Memphis, USA
68.4%
Rank City % Correct
32Caracas, Venezuela
67.7%
48Cincinnati, USA
67.6%
29Brasília, Brazil
67%
54Charlotte, USA
65.5%
57Havana, Cuba
65%
67Sacramento, USA
63.7%
87Panama City, Panama
62.8%
85Milwaukee, USA
62.4%
94Buffalo, USA
60.4%
53Salt Lake City, USA
59.7%
86Raleigh, USA
59.1%
49Quito, Ecuador
58.1%
106Ottawa, Canada
58%
124El Paso, USA
56.5%
71La Paz, Bolivia
55.8%
115Oklahoma City, USA
55.4%
122Louisville, USA
55%
89Calgary, Canada
54.7%
75Montevideo, Uruguay
54.7%
101Edmonton, Canada
50.1%
47Port-au-Prince, Haiti
50%
21Guadalajara, Mexico
49%
44Guatemala City, Guatemala
47.3%
123Richmond, USA
47.3%
129Honolulu, USA
46.1%
76San Salvador, El Salvador
45.4%
72Tijuana, Mexico
45.2%
84Virginia Beach, USA
44.9%
58Asunción, Paraguay
44.4%
34Santo Domingo, Dominican Republic
41%
23Monterrey, Mexico
40.9%
30Medellín, Colombia
40%
96Managua, Nicaragua
38.9%
60San Juan, Puerto Rico
36.7%
80Hartford, USA
35.6%
22Belo Horizonte, Brazil
34.4%
88Ciudad Juárez, Mexico
32.8%
31Recife, Brazil
32.7%
116Tegucigalpa, Honduras
31.9%
63Manaus, Brazil
30.6%
33Salvador, Brazil
30.2%
26Porto Alegre, Brazil
28.2%
117Rochester, USA
26.9%
43Guayaquil, Ecuador
26.7%
Rank City % Correct
46Cali, Colombia
26.6%
83Córdoba, Argentina
24.9%
114Greensboro, USA
24.7%
35Fortaleza, Brazil
23.9%
130Valparaíso, Chile
23%
59Belém, Brazil
21.2%
51Maracaibo, Venezuela
21.1%
73Santa Cruz, Bolivia
20.5%
37Curitiba, Brazil
19.5%
95Rosario, Argentina
19.1%
45Puebla, Mexico
18.9%
118Cartagena, Colombia
17.3%
125Mexicali, Mexico
16.3%
77León, Mexico
15.3%
68Valencia, Venezuela
15.2%
66Barranquilla, Colombia
15.1%
128Cuernavaca, Mexico
13.8%
61Toluca, Mexico
13.7%
92Natal, Brazil
12.8%
41Campinas, Brazil
12.6%
98Harrisburg, USA
12.4%
113San Pedro Sula, Honduras
12.2%
119Mérida, Mexico
10.8%
56Goiânia, Brazil
10.3%
121Mendoza, Argentina
9.9%
81Santos, Brazil
8.9%
90São Luís, Brazil
8.5%
105Stockton, USA
8.2%
104Cochabamba, Bolivia
7.8%
78Vitória, Brazil
7.1%
108San Luis Potosí, Mexico
6.2%
103Barquisimeto, Venezuela
5.8%
102McAllen, USA
5.8%
127Teresina, Brazil
5.7%
111Maceió, Brazil
5.6%
99Torreón, Mexico
5.4%
100Querétaro, Mexico
5.2%
91Maracay, Venezuela
5%
110João Pessoa, Brazil
4.8%
120Aguascalientes, Mexico
4.5%
109Bucaramanga, Colombia
4%
112Melbourne, USA
3.9%

You're not logged in!

Compare scores with friends on all Sporcle quizzes.
OR
Log In

Show Comments

Extras

Top Quizzes Today


Score Distribution

Your Account Isn't Verified!

In order to create a playlist on Sporcle, you need to verify the email address you used during registration. Go to your Sporcle Settings to finish the process.

Report this User

Report this user for behavior that violates our Community Guidelines.

Details: